| 000 | 00392nam a22001217a 4500 | ||
|---|---|---|---|
| 082 | _aTHE 200 | ||
| 100 |
_aUSMAN ALI ZIA _972628 |
||
| 245 | _aTH-SOF-0958-ELASTOHYDRODYNAMIC LUBRICATION SOLUTION FOR PARALLEL SURFACES SUBJECTED TO HIGH ACCELERATION-U | ||
| 260 |
_aNUST COLLEGE OF EME _bISLAMABAD _c2001 |
||
| 650 | _a MS-MECH-64 MSTHESIS | ||
| 700 |
_a DR AAMER A BAQAI _931456 |
||
| 942 | _cCF | ||
| 999 |
_c578623 _d578623 |
||